Acueducto II (Record no. 21783)

MARC details
000 -CABECERA
campo de control de longitud fija 00723nam a2200217 4500
003 - IDENTIFICADOR DEL NÚMERO DE CONTROL
campo de control OSt
005 - FECHA Y HORA DE LA ÚLTIMA TRANSACCIÓN
campo de control 20260601193849.0
008 - DATOS DE LONGITUD FIJA--INFORMACIÓN GENERAL
campo de control de longitud fija 260420b2009 mx a|||| |||| 00| 0 spa d
040 ## - FUENTE DE LA CATALOGACIÓN
Centro catalogador/agencia de origen ICI
Lengua de catalogación spa
Centro/agencia transcriptor ICI
050 ## - SIGNATURA TOPOGRÁFICA DE LA BIBLIOTECA DEL CONGRESO
Número de clasificación TD398
Número de documento/Ítem A43
100 #1 - ENTRADA PRINCIPAL--NOMBRE DE PERSONA
Nombre de persona Comisión Estatal de Aguas del edo. de Qro
9 (RLIN) 31982
245 #1 - MENCIÓN DE TÍTULO
Título Acueducto II
Resto del título la historia detrás de la historia : Querétaro
264 ## - PRODUCCIÓN, PUBLICACIÓN, DISTRIBUCIÓN, FABRICACIÓN Y COPYRIGHT
Nombre del de productor, editor, distribuidor, fabricante Diatel,
Fecha de producción, publicación, distribución, fabricación o copyright 2009
Producción, publicación, distribución, fabricación y copyright Querétaro, Qro.
300 ## - DESCRIPCIÓN FÍSICA
Extensión 168 páginas
Otras características físicas ilustraciones
Dimensiones 29.cm.
336 ## - TIPO DE CONTENIDO
Término de tipo de contenido texto
Fuente rdacontent
337 ## - TIPO DE MEDIO
Nombre/término del tipo de medio sin medio
Fuente rdamedia
338 ## - TIPO DE SOPORTE
Nombre/término del tipo de soporte volumen
Fuente rdacarrier
650 ## - PUNTO DE ACCESO ADICIONAL DE MATERIA--TÉRMINO DE MATERIA
Término de materia o nombre geográfico como elemento de entrada Acueductos
Subdivisión geográfica Querétaro (Ciudad)
9 (RLIN) 31983
650 ## - PUNTO DE ACCESO ADICIONAL DE MATERIA--TÉRMINO DE MATERIA
Término de materia o nombre geográfico como elemento de entrada Acueductos
Subdivisión general Diseño y construcción
Subdivisión geográfica Querétaro (Ciudad)
9 (RLIN) 31984
942 ## - ELEMENTOS DE PUNTO DE ACCESO ADICIONAL (KOHA)
Fuente del sistema de clasificación o colocación Dewey Decimal Classification
Tipo de ítem Koha Libros
Holdings
Estado de retiro Estado de pérdida Fuente del sistema de clasificación o colocación Estado dañado No para préstamo Localización permanente Ubicación/localización actual Fecha de adquisición Total de préstamos Signatura topográfica completa Código de barras Fecha visto por última vez Número de copia Precio válido a partir de Tipo de ítem Koha
El ejemplar forma parte de la colección y puede ser consultado según las políticas vigentes.   Library of Congress Classification     Biblioteca de Diseño Museo Franz Mayer Biblioteca de Diseño Museo Franz Mayer 20/04/2026   TD398 A43 BDIMFM000645 20/04/2026 Ej.1 20/04/2026 Libros